| 000 | 00364pab a2200145 454500 | ||
|---|---|---|---|
| 008 | 180718b90-1 xxu||||| |||| 00| 0 eng d | ||
| 100 | _aUnsal, Erdal M | ||
| 245 | _aThe heavy industry priority in socialist economic planning | ||
| 260 | _c90-1 | ||
| 300 | _a391-407 | ||
| 362 | _aWinter | ||
| 650 | _aIndustry | ||
| 773 | _aScience and Society | ||
| 909 | _a10879 | ||
| 999 |
_c10879 _d10879 |
||